[Event "17th Caspian Cup-Masters 2019"]
[Site "Anzali"]
[Date "2019.02.19"]
[Round "9.2"]
[White "Mikaelyan, Arman"]
[Black "Grigoryan, Karen H."]
[Result "0-1"]
[WhiteElo "2465"]
[BlackElo "2590"]
[Annotator "TA"]
[PlyCount "86"]
[EventDate "2019.02.12"]
[EventType "swiss"]
[EventRounds "9"]
[EventCountry "IRI"]
[SourceTitle "playchess.com"]
[Source "ChessBase"]
[SourceQuality "1"]

{[%evp 9,86,-5,-6,-2,0,-1,-6,-12,-10,-2,-1,-14,0,-12,-12,-20,0,-26,-29,-19,0,0,0,-16,-30,-32,0,0,19,-29,-29,-49,-52,-48,-19,-68,-64,-148,-141,-140,-131,-160,-152,-141,-143,-136,-138,-135,-131,-193,-138,-216,-191,-189,-179,-368,-350,-340,-185,-218,-179,-431,-449,-425,-404,-377,-318,-520,-508,-502,-403,-379,-400,-376,-392,-527,-515,-460,-415]} 1. d4 Nf6 2. Bf4 c5 3. dxc5 Qa5+ (3... Nc6 4. Nc3 e5 5. Bg5 Bxc5 6. e3 Bb4 7. Nge2 d5 8. a3 Bxc3+ 9. Nxc3 Be6 10. Bb5 d4 11. Bxf6 Qxf6 {½-½ (42) Aronian,L (2799)-Kasparov,G (2812) Saint Louis 2017}) 4. Nd2 Qxc5 5. Ngf3 d6 6. e4 {A45: Trompowsky Attack} g6 7. Bd3 Bg7 8. O-O {The position is equal.} O-O 9. c3 Nbd7 10. Qc2 $146 ({Predecessor:} 10. Rc1 b6 11. Be3 {0-1 (39) Boguszlavszkij,J (2318)-Samu,F (2058) Balatonalmadi 2005}) 10... b6 11. Rfe1 Bb7 12. a4 a6 13. h3 e5 14. Bg5 h6 15. Be3 Qc7 16. c4 (16. a5 $5) 16... Nc5 17. Bxc5 Qxc5 18. a5 Nd7 19. axb6 a5 20. Nf1 Qxb6 21. Ne3 Rfc8 22. h4 h5 23. Nd5 (23. Ra2 $15) 23... Bxd5 $1 $17 24. exd5 {[#]} e4 $1 {[%cal Re4f3][%mdl 512]} 25. Rxe4 (25. Bxe4 Qxb2) 25... Qxb2 26. Ra2 Qxc2 27. Bxc2 Nc5 28. Re3 a4 29. Nd2 (29. Ng5 $17 {keeps fighting.}) 29... Rcb8 ({Better is} 29... Bh6 $19 30. Re2 Bxd2 31. Rxd2 Rcb8) 30. Nb1 (30. Ne4 $17 Nxe4 31. Bxe4) 30... Bd4 31. Rf3 Rb2 32. Rxb2 $2 (32. Rfa3) 32... Bxb2 $19 33. Na3 {[#]} Nd7 (33... Nb3 $142 $1 {[%mdl 512]} 34. Nb5 (34. Bxb3 axb3) 34... Nd2) 34. Re3 Bd4 35. Re7 $2 (35. Re2) 35... Ne5 36. Nb5 Bc5 37. Bb1 Nxc4 38. Ba2 $2 (38. Re2) 38... Ne5 39. Nc3 Kf8 40. Rb7 Ng4 41. Kf1 Nxf2 42. Ke2 Re8+ 43. Kd2 Ne4+ {Accuracy: White = 34%, Black = 64%.} 0-1

[Event "17th Caspian Cup-Masters 2019"]
[Site "Anzali"]
[Date "2019.02.19"]
[Round "9.3"]
[White "Bernadskiy, Vitaliy"]
[Black "Yeritsyan, Hayk"]
[Result "1-0"]
[WhiteElo "2570"]
[BlackElo "2152"]
[Annotator "TA"]
[PlyCount "43"]
[EventDate "2019.02.12"]
[EventType "swiss"]
[EventRounds "9"]
[EventCountry "IRI"]
[SourceTitle "playchess.com"]
[Source "ChessBase"]
[SourceQuality "1"]

{[%evp 11,43,12,8,-4,36,16,22,29,83,76,80,72,98,55,67,81,73,68,73,65,98,75,173,158,499,476,498,475,533,528,1630,1602,29983,1872]} 1. e4 c6 2. d4 d5 3. e5 Bf5 4. h4 h5 5. Bd3 Bxd3 6. Qxd3 e6 7. Bg5 {B12: Caro-Kann: Advance Variation} Ne7 (7... Qb6 {with more complications.} 8. Nd2 c5 9. c4 Qxb2 10. Rb1 Qxd4 11. Qxd4 cxd4 12. Ngf3 dxc4 13. Rxb7 Nd7) (7... Be7 8. Nf3 Nh6 9. Nbd2 Nf5 10. Nf1 Qa5+ 11. c3 Qa6 12. Qd2 Nd7 13. Ng3 Nxg3 14. fxg3 f6 {½-½ (72) Inarkiev,E (2693)-Tomashevsky,E (2705) St Petersburg 2018}) 8. Ne2 Qa5+ 9. Nd2 {The position is equal.} Qa6 {[#]} (9... c5 $11) 10. c4 $1 $16 Nd7 11. O-O Nf5 12. b3 Be7 13. Bxe7 $146 Nxe7 14. Nf3 $36 {[%mdl 2048] White has some pressure.} Rd8 15. Qc2 O-O 16. Ng3 g6 (16... dxc4 $16 {was necessary.} 17. Nxh5 (17. bxc4 c5 $11) 17... c5) 17. Qc1 Nf5 $2 (17... Kh7 $16 {is more resistant.} 18. Qg5 Ng8) 18. Nxf5 $18 exf5 19. Qg5 ({Less strong is} 19. Qh6 Rfe8 $16) 19... Rfe8 {[#]} 20. e6 $1 {[%mdl 576] Deflection} fxe6 (20... Rxe6 21. Qxd8+) 21. Qxg6+ Kf8 22. Ng5 {Accuracy: White = 77%, Black =  3%.} (22. Qh7 $142 Re7 23. Qh8+ Kf7 24. Ng5+ Kg6 25. Qxd8 Nf6 26. Qxe7 f4 27. Nxe6 Nh7 28. Qg7+ Kf5 29. Rfe1 dxc4 30. Re5#) 1-0

[Event "17th Caspian Cup-Masters 2019"]
[Site "Anzali"]
[Date "2019.02.19"]
[Round "9.4"]
[White "Gholami Orimi, Mahdi"]
[Black "Malakhatko, Vadim"]
[Result "1/2-1/2"]
[WhiteElo "2375"]
[BlackElo "2525"]
[Annotator "TA"]
[PlyCount "46"]
[EventDate "2019.02.12"]
[EventType "swiss"]
[EventRounds "9"]
[EventCountry "IRI"]
[SourceTitle "playchess.com"]
[Source "ChessBase"]
[SourceQuality "1"]

{[%evp 9,46,29,46,50,58,29,62,19,73,72,85,77,69,32,34,50,100,87,104,84,122,76,87,73,107,116,122,108,117,0,99,87,82,83,77,64,74,55,65]} 1. d4 e6 2. c4 Bb4+ 3. Nc3 c5 4. e3 Bxc3+ (4... b6 5. Nge2 Bb7 6. a3 Ba5 7. Bd2 Bxc3 8. Bxc3 Nf6 9. Ng3 cxd4 10. Qxd4 Nc6 11. Qf4 Qe7 12. O-O-O {0-1 (37) Hillarp Persson,T (2509)-Short,N (2688) Helsingor 2017}) 5. bxc3 Ne7 6. Bd3 {A40: Unusual replies to 1 d4} Nbc6 $146 ({Predecessor:} 6... d6 7. f4 Nbc6 8. Nf3 b6 9. O-O Qd7 10. e4 Ba6 11. d5 Na5 12. Ng5 Bxc4 13. Bxc4 Nxc4 14. dxe6 fxe6 {½-½ (24) Sturua,Z (2524)-Arkell,K (2448) Porto 2014}) 7. Qh5 d5 8. Nf3 h6 (8... dxc4 $11 {keeps the balance.} 9. Bxc4 Qa5) 9. O-O $16 O-O 10. cxd5 exd5 11. Ba3 c4 12. Bc2 f5 13. Ne5 Nxe5 14. dxe5 Be6 15. Rfd1 Rf7 16. Bd6 Nc8 17. Qg6 Qd7 18. Ba3 {aiming for g4.} Ne7 19. Qh5 (19. Bxe7 $16 Rxe7 20. f4) 19... Qe8 (19... Qd8 $1 $11) 20. f4 Kh7 21. Rd2 g6 22. Qf3 Nc8 23. h3 Nb6 {Accuracy: White = 50%, Black = 47%.} 1/2-1/2

[Event "17th Caspian Cup-Masters 2019"]
[Site "Anzali"]
[Date "2019.02.19"]
[Round "9.5"]
[White "Pour Agha Bala, Amirreza"]
[Black "Mousavi, Seyed Khalil"]
[Result "1-0"]
[WhiteElo "2362"]
[BlackElo "2485"]
[Annotator "TA"]
[PlyCount "114"]
[EventDate "2019.02.12"]
[EventType "swiss"]
[EventRounds "9"]
[EventCountry "IRI"]
[SourceTitle "playchess.com"]
[Source "ChessBase"]
[SourceQuality "1"]

{[%evp 24,114,0,0,0,0,21,-16,-2,-37,-29,-32,-32,-28,-44,-48,-24,-36,0,0,0,0,51,18,17,17,18,18,18,19,15,14,18,25,36,0,78,87,147,146,182,127,183,132,128,135,139,137,137,137,139,130,171,175,158,162,335,308,335,323,249,283,381,366,585,578,983,982,933,473,477,0,925,928,881,804,1604,1485,1320,1175,1155,1039,2024,1938,2695,2514,5808,5624,5455,7439,29983,29984,29992]} 1. e4 c5 2. Nf3 d6 3. d4 cxd4 4. Nxd4 Nf6 5. Nc3 a6 6. Bc4 e6 7. O-O Be7 8. Bb3 O-O 9. Be3 b5 10. f3 Bb7 {B87: Sicilian Scheveningen/Najdorf: 6 Bc4, with early ...b5} (10... Bd7 11. Qd2 Nc6 12. Nxc6 Bxc6 13. Ne2 Qc7 14. Nd4 Bb7 15. Bxe6 fxe6 16. Nxe6 Qc6 17. Nxf8 Rxf8 18. a4 bxa4 {½-½ (69) Zhak,B (2597)-Freeman,M (2513) ICCF email 2015}) 11. Bxe6 fxe6 12. Nxe6 Qc8 13. Nxf8 {LiveBook: 3 Games} Qxf8 14. Qd2 Nbd7 15. Rad1 $146 ({Predecessor:} 15. a3 Re8 16. Rad1 Ne5 17. b3 Qf7 18. Bg5 {0-1 (52) Malmstroem,J-Kuni,R TSC corr 2002}) 15... b4 16. Nd5 Nxd5 17. exd5 a5 18. c4 bxc3 19. Qxc3 Ba6 20. Rfe1 Ne5 21. Bd4 Bh4 22. Re4 Rc8 (22... Bf6 $11) 23. Qxa5 Nxf3+ $1 24. gxf3 Qxf3 25. Qxa6 ({Don't blunder} 25. Rde1 $2 Rc2 $19) 25... Qxd1+ 26. Qf1 Qh5 {( -> ...Qg6+)} 27. Qe2 Rc1+ 28. Kg2 {White threatens Re8+ and mate.} Qxd5 {...Re1 is the strong threat.} 29. Qg4 {[%csl Gd4][%cal Rg4g7]} (29. Qf3 $5 {[%cal Re4e8]} Be7 30. Bxg7 Rc2+ 31. Kh3 $16) 29... Bg5 (29... Rc2+ $11 {remains equal.} 30. Kg1 (30. Kh3 Bf6 $15) 30... Rc1+ 31. Kg2 Rc2+ 32. Kg1 (32. Kh3 Bf6 $11) 32... Rc1+ 33. Kg2) 30. Qf3 $40 {[%cal Re4e8][%mdl 128] White has strong attack.} Qa8 (30... Qc6 $142) 31. Rg4 Qxf3+ 32. Kxf3 {[%mdl 4096] Endgame KRB-KRB} Bh6 (32... h6 $16) 33. Rg1 (33. Ke4 $1 $18) 33... Rc4 {[#]} 34. Ke4 $1 Kf7 35. Kd5 Ra4 36. a3 {[%cal Ba2a3,Ba3a4,Ba4a5,Ba5a6][%mdl 32]} g6 37. Rg3 Ra5+ 38. Kc6 Ke6 39. b4 Ra4 $2 {[#]} (39... Ra8) 40. Kb5 $1 $18 {[%cal Rb5a4]} Ra8 41. a4 Bf4 42. Rh3 h5 43. a5 Kd7 (43... Bd2 {keeps fighting.} 44. Be3 Bc3) 44. a6 Rb8+ 45. Ka5 Bd2 46. Bc3 Bg5 47. Bd4 $2 (47. b5 $18) 47... Bd8+ $2 {[%mdl 8192]} (47... Bd2 $11) 48. Ka4 h4 49. b5 g5 50. Rb3 Ra8 51. h3 {[%cal Bh2h3,Bh3g4,Bg4g5,Bg5g6,Bg6g7][%mdl 32]} d5 52. Rc3 g4 53. hxg4 Bc7 54. g5 Bg3 55. g6 Ke6 56. g7 Kf7 57. Rf3+ Ke6 {Precision: White = 80%, Black = 34%.} 1-0

[Event "17th Caspian Cup-Masters 2019"]
[Site "Anzali"]
[Date "2019.02.19"]
[Round "9.6"]
[White "Daghli, Arash"]
[Black "Noroozi, Omid"]
[Result "0-1"]
[WhiteElo "2354"]
[BlackElo "2336"]
[Annotator "NA"]
[PlyCount "66"]
[EventDate "2019.02.12"]
[EventType "swiss"]
[EventRounds "9"]
[EventCountry "IRI"]
[SourceTitle "playchess.com"]
[Source "ChessBase"]
[SourceQuality "1"]
[TimeControl "5400+30"]

{[%evp 8,49,32,20,21,16,40,0,17,32767,32767,32767,32767,32767,32767,32767,32767,32767,44,47,35,18,32767,32767,-17,-32,-41,-63,-65,-53,-61,-75,-38,-100,-89,-78,-80,-114,32767,32767,32767,32767,32767,-66]} 1. e4 {[%emt 0:00:00]} c5 {[%emt 0:00:00]} 2. Nf3 {[%emt 0:00:00]} d6 {[%emt 0:00:00]} 3. d4 {[%emt 0:00:00]} cxd4 {[%emt 0:00:00]} 4. Nxd4 {[%emt 0:00:00]} Nf6 {[%emt 0:00:02]} 5. Nc3 {[%emt 0:00:03]} a6 {[%emt 0:00:05]} 6. Be3 {[%emt 0:00:10] LiveBook: 19302 Games} Ng4 {[%emt 0:02:02]} 7. Bc1 {[%emt 0:00:18]} (7. Bg5 $14) 7... Nf6 {[%emt 0:00:07]} 8. f3 {[%emt 0:00:29]} Qb6 {[%emt 0:00:22]} 9. Nb3 {[%emt 0:00:52]} e6 {[%emt 0:00:05]} 10. Qe2 {[%emt 0:00:43]} Be7 {[%emt 0:00:08] B90: Sicilian Najdorf: Unusual White 6th moves, 6 Be3 Ng4 and 6 Be3 e5} (10... Qc7 11. Be3 b5 12. O-O-O Nbd7 13. Qf2 b4 14. Ne2 Bb7 15. Kb1 Rc8 16. Ned4 d5 17. exd5 Nxd5 18. Bd3 g6 {½-½ (55) Lobanov,S (2526)-Banikas,H (2601) Skopje 2018}) 11. Be3 {[%emt 0:01:15]} Qc7 {[%emt 0:00:01]} 12. g4 {[%emt 0:05:53]} b5 {[%emt 0:00:17]} 13. a3 {[%emt 0:02:42]} Nfd7 $146 {[%emt 0:13:25]} ({Predecessor:} 13... Nc6 14. g5 Nd7 15. O-O-O Rb8 16. Kb1 O-O 17. h4 b4 18. axb4 Rxb4 {0-1 (25) Anderson,B (2456)-Morozov,D (2457) ICCF email 2010}) 14. Qf2 {[%emt 0:09:20]} Nc6 {[%emt 0:00:52]} 15. Nd4 {[%emt 0:03:42]} Nde5 {[%emt 0:08:22]} 16. Be2 {[%emt 0:01:54]} O-O {[%emt 0:02:28]} 17. Nxc6 {[%emt 0:07:09]} Qxc6 {[%emt 0:00:38]} 18. Bd4 {[%emt 0:12:55]} Rb8 {[%emt 0:03:27]} 19. f4 {[%emt 0:08:48]} Nc4 {[%emt 0:07:17]} (19... Ng6 $5 {[%cal Re7h4]} 20. O-O e5 21. fxe5 dxe5 $17) 20. Bxc4 {[%emt 0:01:17]} (20. b3 $11 Nxa3 21. Rxa3) 20... Qxc4 {[%emt 0:01:38]} 21. O-O-O {[%emt 0:03:25]} b4 {[%emt 0:01:17]} 22. axb4 {[%emt 0:03:40]} Qxb4 {[%emt 0:06:51]} 23. Ne2 {[%emt 0:06:54]} e5 {[%emt 0:11:55]} 24. fxe5 {[%emt 0:06:05]} dxe5 {[%emt 0:05:05]} 25. Bxe5 $15 {[%emt 0:10:34]} Bxg4 {[%emt 0:16:47]} 26. Rhg1 {[%emt 0:06:10]} Qxe4 {[%emt 0:06:17]} 27. Qd4 {[%emt 0:08:36]} Rb4 {[%emt 0:05:16]} 28. Qxe4 {[%emt 0:00:33]} Rxe4 {[%emt 0:00:02]} 29. Bxg7 {[%emt 0:00:30]} Kxg7 {[%emt 0:01:01]} 30. Nc3 {[%emt 0:00:11]} Rc4 {[%emt 0:00:42]} 31. Rd3 {[%emt 0:00:47]} Bc5 {[%emt 0:03:12]} 32. Rg2 {[%emt 0:00:30]} Kh6 {[%emt 0:00:39]} 33. Nd5 {[%emt 0:00:33]} f5 {[%emt 0:00:29]} 0-1

[Event "17th Caspian Cup-Masters 2019"]
[Site "Anzali"]
[Date "2019.02.19"]
[Round "9.7"]
[White "Khoshkalam, Seyed Mehrab"]
[Black "Danielyan, Vahe"]
[Result "1-0"]
[WhiteElo "2263"]
[BlackElo "2186"]
[Annotator "NA"]
[PlyCount "101"]
[EventDate "2019.02.12"]
[EventType "swiss"]
[EventRounds "9"]
[EventCountry "IRI"]
[SourceTitle "playchess.com"]
[Source "ChessBase"]
[SourceQuality "1"]
[TimeControl "5400+30"]

1. Nf3 {[%emt 0:00:00]} Nf6 {[%emt 0:00:00]} 2. g3 {[%emt 0:00:27]} b6 {[%emt 0:00:00]} 3. Bg2 {[%emt 0:00:06]} Bb7 {[%emt 0:00:00]} 4. d3 {[%emt 0:00:26]} d5 {[%emt 0:00:19]} 5. O-O {[%emt 0:00:34]} g6 {[%emt 0:00:05] LiveBook: 30 Games} 6. Nbd2 {[%emt 0:00:42] A05: Réti Opening: 1 Nf3 Nf6} (6. c4 c5 7. cxd5 Nxd5 8. d4 Bg7 9. dxc5 bxc5 10. Nfd2 O-O 11. Nc4 Bc6 12. Nbd2 Nb6 13. Na5 Bxg2 14. Kxg2 {1-0 (84) Karjakin,S (2777)-Moskalenko,A (2460) Moscow 2014}) 6... Bg7 {[%emt 0:00:08]} 7. c3 {[%emt 0:00:18]} O-O {[%emt 0:00:06]} 8. Qc2 {[%emt 0:00:23]} Nbd7 {[%emt 0:00:23]} 9. Re1 {[%emt 0:00:30]} Re8 {[%emt 0:01:00]} 10. e4 {[%emt 0:07:10]} dxe4 {[%emt 0:00:37]} 11. dxe4 {[%emt 0:00:35]} e5 {[%emt 0:00:05]} 12. b4 {[%emt 0:02:26]} Qe7 {[%emt 0:01:55]} 13. a4 {[%emt 0:01:55]} c5 $146 {[%emt 0:01:37]} ({Predecessor:} 13... a6 14. Bf1 Red8 15. Bc4 h6 16. Qb3 c6 {1-0 (53) Shabanaj,E (2070)-Jennitha,A (1966) Khanty-Mansiysk 2010}) 14. b5 $1 {[%emt 0:02:13]} a6 {[%emt 0:00:29]} 15. Bb2 {[%emt 0:00:06]} h6 {[%emt 0:06:50]} 16. Rad1 {[%emt 0:01:37]} axb5 {[%emt 0:00:22]} 17. axb5 {[%emt 0:00:01]} Qe6 {[%emt 0:00:38]} 18. Bf1 {[%emt 0:02:02]} Kh7 {[%emt 0:04:20]} 19. Nc4 {[%emt 0:04:31]} Bf8 {[%emt 0:02:33]} 20. Nfd2 {[%emt 0:01:26]} Ra2 {[%emt 0:08:09] [#]} (20... Kg8 $16) 21. Ne3 {[%emt 0:14:06]} (21. Na3 $1 $18 {and White stays clearly on top.}) 21... Qe7 {[%emt 0:09:04]} 22. f3 {[%emt 0:01:00]} h5 {[%emt 0:00:37] [#]} (22... c4 $16 {might work better.}) 23. Ndc4 $1 {[%emt 0:02:58]} Qe6 $18 {[%emt 0:10:50]} 24. Na3 {[%emt 0:02:30]} Rxb2 {[%emt 0:03:10]} 25. Qxb2 {[%emt 0:00:07]} c4 {[%emt 0:00:03]} 26. Bxc4 {[%emt 0:00:38]} Qe7 {[%emt 0:00:01]} 27. Nac2 {[%emt 0:00:35]} h4 {[%emt 0:00:01]} 28. g4 {[%emt 0:07:29]} Kg7 {[%emt 0:00:09]} 29. Nb4 {[%emt 0:01:39]} Nc5 {[%emt 0:01:29]} 30. Bd5 {[%emt 0:02:40]} Nh7 {[%emt 0:03:29]} 31. Bxb7 {[%emt 0:01:59]} Qxb7 {[%emt 0:00:33]} 32. Qd2 {[%emt 0:01:09]} Kh8 {[%emt 0:07:00]} 33. Qf2 {[%emt 0:03:47]} Be7 {[%emt 0:05:38]} 34. Nc6 {[%emt 0:01:10]} Bg5 {[%emt 0:06:41]} 35. h3 {[%emt 0:02:36]} Bxe3 {[%emt 0:03:19]} 36. Rxe3 {[%emt 0:03:14]} g5 {[%emt 0:00:03]} 37. Re2 {[%emt 0:00:32]} Nf8 {[%emt 0:00:13]} 38. Ra2 {[%emt 0:00:27]} Qc8 {[%emt 0:01:30]} 39. Ra7 {[%emt 0:00:31]} Qe6 {[%emt 0:00:00]} 40. Nd8 {[%emt 0:00:59]} Rxd8 {[%emt 0:00:02]} 41. Rxd8 {[%emt 0:00:09]} Kg7 {[%emt 0:00:00]} 42. Qd2 {[%emt 0:02:15]} Ng6 {[%emt 0:04:00]} 43. Rd6 {[%emt 0:02:45]} Qb3 {[%emt 0:01:53]} 44. Qa2 {[%emt 0:00:32]} Qxa2 {[%emt 0:01:38]} 45. Rxa2 {[%emt 0:00:02]} Nf4 {[%emt 0:00:05]} 46. Kh2 {[%emt 0:00:19]} Ncd3 {[%emt 0:00:11]} 47. Rxd3 {[%emt 0:00:01]} Nxd3 {[%emt 0:00:05]} 48. Ra6 {[%emt 0:00:38]} Ne1 {[%emt 0:00:07]} 49. Rxb6 {[%emt 0:00:04]} Nxf3+ {[%emt 0:00:02]} 50. Kg2 {[%emt 0:00:12]} Nd2 {[%emt 0:00:04]} 51. Rc6 {[%emt 0:00:10]} 1-0

[Event "17th Caspian Cup-Masters 2019"]
[Site "Anzali"]
[Date "2019.02.19"]
[Round "9.8"]
[White "Asgari, Morteza"]
[Black "Naderi, M.sadegh"]
[Result "1-0"]
[WhiteElo "2175"]
[BlackElo "2242"]
[Annotator "NA"]
[PlyCount "131"]
[EventDate "2019.02.12"]
[EventType "swiss"]
[EventRounds "9"]
[EventCountry "IRI"]
[SourceTitle "playchess.com"]
[Source "ChessBase"]
[SourceQuality "1"]
[TimeControl "5400+30"]

1. e4 {[%emt 0:00:00] Eljanov,P} c6 {[%emt 0:00:00]} 2. d4 {[%emt 0:00:00]} d5 {[%emt 0:00:00]} 3. e5 {[%emt 0:00:12]} Bf5 {[%emt 0:00:00]} 4. Nf3 {[%emt 0:00:10]} e6 {[%emt 0:00:00]} 5. Be2 {[%emt 0:00:08]} Nd7 {[%emt 0:00:00]} 6. O-O {[%emt 0:00:10]} Ne7 {[%emt 0:00:00]} 7. Nbd2 {[%emt 0:00:26]} h6 {[%emt 0:01:00] LiveBook: 792 Games B12: Caro-Kann: Advance Variation} 8. c3 {[%emt 0:00:34]} Qc7 {[%emt 0:00:42]} 9. a4 {[%emt 0:00:33]} a5 {[%emt 0:06:42]} 10. Re1 {[%emt 0:00:24]} Bh7 $146 {[%emt 0:10:32]} ({Predecessor:} 10... Bg6 11. Nf1 c5 12. Bb5 Nc6 13. c4 Nb6 14. cxd5 Nxd5 {0-1 (41) Kryvoruchko,Y (2706)-Eljanov,P (2719) Lvov 2014 CBM 164 [Eljanov,P]}) 11. Nf1 {[%emt 0:06:54]} Ng6 {[%emt 0:05:33]} 12. g3 {[%emt 0:03:50]} Be7 {[%emt 0:00:54]} 13. h4 {[%emt 0:01:59]} f6 {[%emt 0:07:25]} 14. h5 {[%emt 0:03:11]} ({White should play} 14. exf6 $16 Nxf6 15. Bd3) 14... Ngf8 {[%emt 0:00:12]} 15. exf6 {[%emt 0:04:09]} gxf6 {[%emt 0:00:28]} 16. Bxh6 {[%emt 0:00:54]} O-O-O {[%emt 0:07:15]} (16... Be4 $14) 17. Nh4 {[%emt 0:07:11]} e5 {[%emt 0:05:45] [#]} (17... Be4 $16) 18. Ne3 $1 {[%emt 0:10:18]} Bd6 {[%emt 0:12:00]} 19. Bg4 {[%emt 0:09:11]} Rg8 {[%emt 0:03:09]} 20. Nef5 {[%emt 0:03:58]} Kb8 {[%emt 0:02:25]} 21. Be3 {[%emt 0:13:21]} Ne6 {[%emt 0:09:52]} 22. Kh2 {[%emt 0:10:50]} Ng5 {[%emt 0:04:53]} 23. Nxd6 {[%emt 0:01:51]} Qxd6 {[%emt 0:00:05]} 24. f4 {[%emt 0:03:52]} Ne4 {[%emt 0:02:57]} 25. f5 {[%emt 0:06:30]} exd4 {[%emt 0:03:49]} 26. Bf4 {[%emt 0:00:23]} Ne5 {[%emt 0:00:01]} 27. Bh3 {[%emt 0:03:45]} dxc3 {[%emt 0:02:04]} 28. bxc3 {[%emt 0:00:22]} Ka8 {[%emt 0:00:38]} 29. Ng6 {[%emt 0:03:07]} Qc5 {[%emt 0:01:23]} 30. Rf1 {[%emt 0:03:42]} Nxc3 {[%emt 0:01:53]} 31. Qb3 {[%emt 0:01:47]} d4 {[%emt 0:03:24]} 32. Rae1 {[%emt 0:00:04]} Bxg6 {[%emt 0:06:07]} 33. Bxe5 {[%emt 0:01:24]} Bxh5 {[%emt 0:03:42]} 34. Bxf6 {[%emt 0:00:17]} Qd6 {[%emt 0:00:25]} 35. Be5 {[%emt 0:00:20]} Qh6 {[%emt 0:00:01]} 36. Bf4 {[%emt 0:00:50]} Qh7 {[%emt 0:00:24]} 37. Qb6 {[%emt 0:00:58]} Rd5 {[%emt 0:00:37]} 38. Re5 {[%emt 0:00:03]} Be2 {[%emt 0:02:05]} 39. Rxd5 {[%emt 0:01:05]} Nxd5 {[%emt 0:00:06]} 40. Qxa5+ {[%emt 0:00:32]} Ba6 {[%emt 0:00:02]} 41. Be5 {[%emt 0:00:38]} Re8 {[%emt 0:01:26]} 42. Bxd4 {[%emt 0:00:28]} Qh5 {[%emt 0:00:32]} 43. Rf2 {[%emt 0:00:31]} Kb8 {[%emt 0:00:29]} 44. Qd2 {[%emt 0:00:30]} Be2 {[%emt 0:00:30]} 45. Bf6 {[%emt 0:00:34]} Nxf6 {[%emt 0:00:31]} 46. Qd6+ {[%emt 0:00:01]} Ka8 {[%emt 0:00:17]} 47. Qxf6 {[%emt 0:00:11]} Rh8 {[%emt 0:00:41]} 48. Qh4 {[%emt 0:00:28]} Qe8 {[%emt 0:00:04]} 49. Qf4 {[%emt 0:01:18]} Qh5 {[%emt 0:00:51]} 50. Qh4 {[%emt 0:00:02]} Qe8 {[%emt 0:00:25]} 51. Qg5 {[%emt 0:00:09]} Bc4 {[%emt 0:00:41]} 52. f6 {[%emt 0:00:38]} Qe1 53. Qd2 {[%emt 0:01:13]} Qxd2 {[%emt 0:01:01]} 54. Rxd2 {[%emt 0:00:08]} Be6 {[%emt 0:00:01]} 55. Rd8+ {[%emt 0:00:48]} Rxd8 {[%emt 0:00:11]} 56. Bxe6 {[%emt 0:00:02]} Kb8 {[%emt 0:00:28]} 57. Kh3 {[%emt 0:00:18]} Kc7 {[%emt 0:00:12]} 58. Kg4 {[%emt 0:00:02]} Kd6 {[%emt 0:00:14]} 59. Kf5 {[%emt 0:00:01]} Ra8 {[%emt 0:01:25]} 60. Bb3 {[%emt 0:00:14]} b5 {[%emt 0:00:53]} 61. g4 {[%emt 0:01:54]} bxa4 {[%emt 0:00:35]} 62. Ba2 {[%emt 0:00:03]} a3 {[%emt 0:00:30]} 63. g5 {[%emt 0:01:24]} c5 64. g6 {[%emt 0:00:21]} c4 {[%emt 0:00:40]} 65. g7 {[%emt 0:00:47]} c3 {[%emt 0:00:44]} 66. f7 {[%emt 0:00:10] Kd5 Ke4+} 1-0